|
|
|
|
| LEADER |
00733nab a2200205 i 4500 |
| 001 |
acta17283 |
| 005 |
20240311151644.0 |
| 008 |
161015s1956 hu o 0|| hun d |
| 022 |
|
|
|a 0586-3686
|
| 040 |
|
|
|a SZTE Egyetemi Kiadványok Repozitórium
|b hun
|
| 041 |
|
|
|a hun
|
| 100 |
1 |
|
|a Mosonyi Kálmán
|
| 245 |
1 |
4 |
|a Nem tízes alapú számrendszerek az általános iskolában
|h [elektronikus dokumentum] /
|c Mosonyi Kálmán
|
| 260 |
|
|
|c 1956
|
| 300 |
|
|
|a 323-332
|
| 490 |
0 |
|
|a A Szegedi Pedagógiai Főiskola évkönyve
|
| 650 |
|
4 |
|a Társadalomtudományok
|
| 650 |
|
4 |
|a Oktatástudomány
|
| 695 |
|
|
|a Matematika tanítása - általános iskola
|
| 856 |
4 |
0 |
|u http://acta.bibl.u-szeged.hu/17283/1/tanarkepzo_1956_323-332.pdf
|z Dokumentum-elérés
|